000 00562nam a22001697a 4500
005 20251108165246.0
008 250721s1984 xx 000 0 ara d
082 1 4 _a956.402/نظا
100 1 _aعباسي، نظام
245 1 0 _aالعلاقات الصهيونيه النازيه و أثرها على فلسطين و حركة التحرير العربي ؛1933-1945 /
264 1 _aالكويت :
_bشركة كاظمه للنشر،
_c1984.
300 _a157ص
650 1 7 _aفلسطين
650 1 7 _aالتاريخ
942 _2ddc
_cBK
999 _c23427
_d23427